|
|
|
|
| LEADER |
00000nab#a22000007a#4500 |
| 001 |
arbauad042433 |
| 003 |
AR-BaUAD |
| 005 |
20250711113313.0 |
| 008 |
000203|||||||||###||||||b###|0###a|spa|| |
| 040 |
|
|
|a AR-BaUAD
|c AR-BaUAD
|b spa
|
| 100 |
|
|
|a Vedrenne, Elisabeth
|
| 245 |
|
|
|a Bernard Frize /
|c Elisabeth Vedrenne;
|
| 300 |
0 |
|
|b p. 68-73 ; 94: fot. col.
|
| 653 |
|
|
|a FRANCIA
|
| 653 |
|
|
|a EXPOSICIONES
|
| 653 |
|
|
|a PINTURA
|
| 653 |
|
|
|a ACRILICO
|
| 653 |
|
|
|a COLOR
|
| 653 |
|
|
|a TECNICAS DE REPRESENTACION
|
| 653 |
|
|
|a FRIZE, BERNARD
|
| 653 |
|
|
|a ARTE CONTEMPORANEO
|
| 773 |
0 |
|
|t L'OEIL
|g no. 508 [jul.-ago. 1999]
|
| 942 |
|
|
|c ARTI
|
| 952 |
|
|
|0 0
|1 0
|4 0
|7 0
|9 87352
|a AR-BAuAD
|b AR-BAuAD
|d 2025-07-11
|l 0
|p AAQA042433
|r 2025-07-11 11:33:13
|w 2025-07-11
|y ARTI
|
| 990 |
|
|
|a A199
|b TD
|
| 998 |
|
|
|a AAQ
|b BIBUN76
|
| 999 |
|
|
|c 67025
|d 67025
|